Asian industrial property market flash (Record no. 119173)

MARC details
000 -LEADER
fixed length control field 01193cas a22002535a 4500
001 - CONTROL NUMBER
control field L142834
008 - FIXED-LENGTH DATA ELEMENTS--GENERAL INFORMATION
fixed length control field 080313c2005 xxkqr ws ss 0 a0eng d
035 ## - SYSTEM CONTROL NUMBER
System control number (Sirsi) u142834
041 0# - LANGUAGE CODE
Language code of text/sound track or separate title eng
050 ## - LIBRARY OF CONGRESS CALL NUMBER
Classification number 333.32 $2 18
110 2# - MAIN ENTRY--CORPORATE NAME
Corporate name or jurisdiction name as entry element CB Richard Ellis
9 (RLIN) 3675
245 00 - TITLE STATEMENT
Title Asian industrial property market flash
Medium [electronic resource]
260 ## - PUBLICATION, DISTRIBUTION, ETC.
Place of publication, distribution, etc. [S.l.]
Name of publisher, distributor, etc. CBRE
Date of publication, distribution, etc. 2005-
362 0# - DATES OF PUBLICATION AND/OR SEQUENTIAL DESIGNATION
Dates of publication and/or sequential designation 2005-
490 #0 - SERIES STATEMENT
Series statement CB Richard Ellis Asia Pacific Investment Market Review
510 2# - CITATION/REFERENCES NOTE
Name of source Knowledge Alert
Location within source 2006-
520 ## - SUMMARY, ETC.
Summary, etc. Reviews the industrial property market in Asia, including logistics. Comments on key developments, demand, rental growth rates and capital values for industrial, manufacturing and warehouse facilities. Tables: indicative land values; indicative industrial rental values for the region. Country commentaries include details of selected leasing transactions and changes in rents.
554 ## -
-- Four per year
650 24 - SUBJECT ADDED ENTRY--TOPICAL TERM
Topical term or geographic name entry element CB RICHARD ELLIS ASIAN INDUSTRIAL PROPERTY MARKET FLASH
651 #4 - SUBJECT ADDED ENTRY--GEOGRAPHIC NAME
Geographic name Asia
690 ## - LOCAL SUBJECT ADDED ENTRY--TOPICAL TERM (OCLC, RLIN)
Topical term or geographic name as entry element PROPERTY-COMMERCIAL PROPERTY-COMMERCIAL PROPERTY MARKET
856 40 - ELECTRONIC LOCATION AND ACCESS
Uniform Resource Identifier <a href="https://www.cbre.com/">https://www.cbre.com/</a>
Public note View this report free of charge at www.cbre.com...
942 ## - ADDED ENTRY ELEMENTS (KOHA)
Suppress in OPAC 0
Holdings
Withdrawn status Lost status Source of classification or shelving scheme Damaged status Not for loan Home library Current library Shelving location Date acquired Total Checkouts Full call number Barcode Date last seen Copy number Price effective from Koha item type
    Dewey Decimal Classification     Virtual Virtual Online 13/03/2008   ONLINE PUBLICATION 142834-1001 06/08/2019 1 06/08/2019 Online material